000 01007nas a2200349 4500
001 BR9802067
003 BR-BrBNA
005 20231205100728.0
007 ta
008 230509b bl.|||p| |||| 00| 00por d
040 _aBR-BrBNA
_bpor
_cBiblioteca Nacional de Agricultura
041 _a(Pt)
072 _aL72; L73
100 1 _aLima, W.S.
100 1 _aFakuri, E.
100 1 _aGuimaraes, M.P.
100 1 _aMalacco, M.A.
245 1 _aDinamica das helmintoses de bovinos de leite na regiao metalurgica de Minas Gerais
650 _aGado Leiteiro
650 _aVerminose
650 _aInfeccao
650 _aNematoide
650 _aCoperiose
650 _aTricostrongilose
650 _aBunostomose
650 _aDictiocaulose
650 _aControle Quimico
650 _aFezes
773 0 _tRevista Brasileira de Parasitologia Veterinaria (Brazil)
_xISSN 0103-846X
_g(Aug 1997), v. 6(2) p. 97-103
_wBR9802067
909 _a202311
_bLúcia
_c55
_dLúcia Elande
942 _2AGRIS
_n0
_cANA
999 _c157727
_d157727